003420000a2200109000450024500530000065000180005365000320007165000330010304100130013610000200014977300630016910aClimate change: policies, models, water and food14aCambio global14aPolíticas internacionales14aInvestigación científica0 aInglés1 aBurns, David M.1 tSymposium of the Interciencia Association3116q1-12d1989